000 00599nam a22002297a 4500
001 48805
003 UA-OsUOA
005 20210323142927.0
007 ta
008 20070912b un ||||| |||| 00| 0 ukr d
040 _aUA-OsUOA
_brus
_cUA-OsUOA
_dUA-OsUOA
041 _arus
080 _a82.09
090 _a82.09
_bБ61
100 _aБелецкий А.
245 _aН. С. Лесков. Личность, творчество
260 _aК.
_c2003
300 _a179 с.
650 7 _a82 Література. Літературознавство
_2UDC
942 _cBK
_2udc
955 _a2
999 _c334916
_d334916